|
|
|
|
| LEADER |
00000nam0a2200000 4500 |
| 001 |
376077 |
| 005 |
20231102012806.0 |
| 020 |
|
|
|a RU
|b 89-74325
|
| 035 |
|
|
|a (RuTPU)RU\TPU\retro\33517
|
| 035 |
|
|
|a RU\TPU\book\227501
|
| 090 |
|
|
|a 376077
|
| 100 |
|
|
|a 20221221d1989 m a0rusy5003 ca
|
| 101 |
0 |
|
|a rus
|
| 102 |
|
|
|a RU
|
| 105 |
|
|
|a a z 001zy
|
| 200 |
1 |
|
|a Электрофлотационные процессы и аппараты химической технологии
|e учебное пособие
|f А. Б. Голованчиков, Н. В. Тябин, Г. Л. Дахина
|g Волгоградский политехнический институт
|
| 210 |
|
|
|a Волгоград
|c ВПИ
|d 1989
|
| 215 |
|
|
|a 97 с.
|c ил.
|d 20 см
|
| 320 |
|
|
|a Библиогр.: с. 90-93.
|
| 610 |
1 |
|
|a флотация электрическая
|
| 610 |
1 |
|
|a флотационные машины
|
| 610 |
1 |
|
|a конструкция
|
| 610 |
1 |
|
|a расчет
|
| 610 |
1 |
|
|a учебные пособия
|
| 610 |
1 |
|
|a химическая технология
|
| 610 |
1 |
|
|a аппараты
|
| 675 |
|
|
|a 66.06(075.8)
|z rus
|
| 700 |
|
1 |
|a Голованчиков
|b А. Б.
|g Александр Борисович
|4 070
|
| 701 |
|
1 |
|a Тябин
|b Н. В.
|g Николай Васильевич
|
| 701 |
|
1 |
|a Дахина
|b Г. Л.
|
| 712 |
0 |
2 |
|a Волгоградский политехнический институт
|2 stltpush
|3 (RuTPU)RU\TPU\col\4581
|9 23999
|
| 801 |
|
0 |
|a RU
|b RuMRKP
|c 19950417
|g psbo
|
| 801 |
|
1 |
|a RU
|b 63413507
|c 20120202
|
| 801 |
|
2 |
|a RU
|b 63413507
|c 20221221
|g RCR
|
| 942 |
|
|
|c BK
|